ბათუმის შოთა რუსთაველის სახელმწიფო უნივერსიტეტის ბიბლიოთეკა

შირაქიანი. (ბიბ.ჩანაწერი № 41833)

000 -LEADER
fixed length control field 00561nam a2200217Ia 4500
001 - CONTROL NUMBER
control field 8516
003 - CONTROL NUMBER IDENTIFIER
control field GE_BSU
008 - FIXED-LENGTH DATA ELEMENTS--GENERAL INFORMATION
fixed length control field 181216s||||||||xx |||||||||||||| ||und||
040 ## - CATALOGING SOURCE
Transcribing agency GE_BSU
080 ## - UNIVERSAL DECIMAL CLASSIFICATION NUMBER
Universal Decimal Classification number 821.353.1-11
100 ## - MAIN ENTRY--PERSONAL NAME
Personal name ვაკელი,იონა.
245 ## - TITLE STATEMENT
Title შირაქიანი.
245 ## - TITLE STATEMENT
Remainder of title პოემა.
260 ## - PUBLICATION, DISTRIBUTION, ETC.
Place of publication, distribution, etc. ტფილისი.
260 ## - PUBLICATION, DISTRIBUTION, ETC.
Name of publisher, distributor, etc. ფედერაცია.
260 ## - PUBLICATION, DISTRIBUTION, ETC.
Date of publication, distribution, etc. 1934.
300 ## - PHYSICAL DESCRIPTION
Extent 37გვ;15სმ.
653 ## - INDEX TERM--UNCONTROLLED
Uncontrolled term პოემა.
653 ## - INDEX TERM--UNCONTROLLED
Uncontrolled term შირაქიანი.
942 ## - ADDED ENTRY ELEMENTS (KOHA)
Koha item type წიგნი
ეგზემპლარები
Withdrawn status Lost status Damaged status Not for loan Date acquired Barcode Date last seen Price effective from Koha item type
        2018-12-17 30656 2018-12-17 2018-12-17 წიგნი
        2018-12-17 30657 2018-12-17 2018-12-17 წიგნი
        2018-12-17 30658 2018-12-17 2018-12-17 წიგნი
        2018-12-17 30659 2018-12-17 2018-12-17 წიგნი
        2018-12-17 30660 2018-12-17 2018-12-17 წიგნი
        2018-12-17 30661 2018-12-17 2018-12-17 წიგნი
        2018-12-17 30662 2018-12-17 2018-12-17 წიგნი
        2018-12-17 30663 2018-12-17 2018-12-17 წიგნი